|
|
|
|
| LEADER |
00000nam0a2200000 4500 |
| 001 |
23071 |
| 005 |
20231030195100.0 |
| 010 |
|
|
|a 5704602932
|
| 035 |
|
|
|a (RuTPU)RU\TPU\book\23286
|
| 035 |
|
|
|a BOOK00023358
|
| 090 |
|
|
|a 23071
|
| 100 |
|
|
|a 20011209d1998 km y0rusy50 ca
|
| 101 |
0 |
|
|a rus
|
| 102 |
|
|
|a RU
|
| 105 |
|
|
|a a f 000zy
|
| 200 |
1 |
|
|a Популярная энциклопедия здорового образа жизни
|h Кн. 2
|f Е. Ю. Барзилович
|
| 210 |
|
|
|a Москва
|c Изд-во МЭИ
|d 1998
|
| 215 |
|
|
|a 228 с.
|c ил.
|
| 610 |
1 |
|
|a валеология
|
| 610 |
1 |
|
|a здоровый образ жизни
|
| 610 |
1 |
|
|a фитотерапия
|
| 610 |
1 |
|
|a оздоровление
|
| 610 |
1 |
|
|a системы
|
| 610 |
1 |
|
|a энциклопедии
|
| 675 |
|
|
|a 614.2(03)
|v 3
|
| 675 |
|
|
|a 796.035(03)
|v 3
|
| 700 |
|
1 |
|a Барзилович
|b Е. Ю.
|g Евгений Юрьевич
|
| 801 |
|
0 |
|a RU
|b 63413507
|c 20011209
|g PSBO
|
| 801 |
|
2 |
|a RU
|b 63413507
|c 20081105
|g PSBO
|
| 900 |
|
|
|a Валеология
|
| 942 |
|
|
|c BK
|